000 00292nam a22001337a 4500
008 170202b xxu||||| |||| 00| 0 eng d
020 _a9781416062240
041 _aeng
080 _a61
100 _a3
101 _aSHM
245 _aVIRTUAL CLINICAL EXCURSIONS
_cCOPPER, K
942 _2udc
_cBK
999 _c4355
_d4355